Statistiques concernant Communes de France ayant le plus d'hôtels 5 étoiles

Cliquez ici pour prendre le quiz!

Statistiques générales

  • Ce quiz a été pris 182 fois
  • Le résultat moyen est 7 sur 15

Statistiques - réponses

RégionNombre d'hôtels 5 étoilesCommune% Correct
Ile-de-France103Paris
100%
Auvergne-Rhône-Alpes7Lyon
95%
Provence-Alpes-Côte-d'Azur4Marseille
94%
Provence-Alpes-Côte-d'Azur6Cannes
88%
Nouvelle-Aquitaine7Bordeaux
82%
Provence-Alpes-Côte-d'Azur12Saint-Tropez
56%
Nouvelle-Aquitaine4Biarritz
51%
Auvergne-Rhône-Alpes22Courchevel
46%
Provence-Alpes-Côte-d'Azur5Aix-en-Provence
37%
Auvergne-Rhône-Alpes10Megève
33%
Auvergne-Rhône-Alpes4Tignes
16%
Auvergne-Rhône-Alpes8Val-d'Isère
16%
Auvergne-Rhône-Alpes5Les Belleville
(Val Thorens et Saint-Martin-de-Belleville)
14%
Outre-mer10Saint-Barthélemy
14%
Provence-Alpes-Côte-d'Azur5Gassin
2%

Distribution des résultats

Percentile par nombre de réponses

% des personnes avec chaque résultat

Votre développement - résultats

Vous n’avez pas pris ce quiz